Собрание сочинений. Т. 3: Гидравлика | Прикладная механика (Запись № 9152086)

Подробности
000 -МАРКЕР
контрольное поле 01460nam2a22002771 4500
001 - ИДЕНТИФИКАТОР ЗАПИСИ
контрольное поле rc\4019776
005 - ИДЕНТИФИКАТОР ВЕРСИИ
контрольное поле 20250611060820.0
021 ## - НОМЕР ГОСУДАРСТВЕННОЙ РЕГИСТРАЦИИ
Код страны Российская Федерация
Номер [49-31908]
035 ## - ДРУГИЕ СИСТЕМНЫЕ НОМЕРА
Идентификатор записи (NLR Aleph) 008085690
100 ## - ДАННЫЕ ОБЩЕЙ ОБРАБОТКИ
Данные общей обработки 20130415d1949 |||y0rusy50 ca
101 0# - ЯЗЫК РЕСУРСА
Язык текста, звукозаписи и т.д. русский
102 ## - СТРАНА ПУБЛИКАЦИИ ИЛИ ПРОИЗВОДСТВА
Страна публикации Российская Федерация
105 ## - ПОЛЕ КОДИРОВАННЫХ ДАННЫХ: ТЕКСТОВЫЕ МАТЕРИАЛЫ, МОНОГРАФИЧЕСКИЕ
Кодированные данные о монографическом текстовом документе a z |||||
200 1# - ЗАГЛАВИЕ И СВЕДЕНИЯ ОБ ОТВЕТСТВЕННОСТИ
Основное заглавие Гидравлика
-- Прикладная механика
Первые сведения об ответственности [Отв. ред. Г.Н. Абрамович и Л.С. Лейбензон]
210 ## - ПУБЛИКАЦИЯ, РАСПРОСТРАНЕНИЕ И ДР.
Имя издателя, распространителя и т. д. Гос. изд-во техн.-теорет. лит.
Дата издания, распространения и т.д. 1949
Место издания, распространения и т.д. Б. м.
215 ## - ФИЗИЧЕСКАЯ ХАРАКТЕРИСТИКА
Специфическое обозначение материала и объем 700 с., 2 л. ил.
Другие сведения о физической характеристике ил.
461 #0 - УРОВЕНЬ НАБОРА
Встроенное поле 001rc\4019773
-- 2001#$aСобрание сочинений$f[Гл. ред. Лейбензон Л.С.$gВступ. статья: В.В. Голубев. "Биография Н.Е. Жуковского", с. 5-26]. Т. 1-$vТ. 3
-- 700#1$aЖуковский$bН.Е.$f1847-1921$gНиколай Егорович
Системный номер (АБИС) связанной записи 9152069
Автор Жуковский, Н.Е. (1847-1921)
Место публикации Москва
Дата публикации 1948-
Первые сведения об ответственности [Гл. ред. Лейбензон Л.С.
Имя издателя, распространителя и т.д. Гостехиздат
Заглавие Собрание сочинений
Номер тома Т. 3
702 #1 - ИМЯ ЛИЦА - ВТОРИЧНАЯ ОТВЕТСТВЕННОСТЬ
Код отношения Редактор
Графика поля Кириллица
Материалы, к которым относится поле rus
Начальный элемент ввода Лейбензон
Часть имени, кроме начального элемента ввода Л. С.
Даты 1879-1951
Расширение инициалов личного имени Леонид Самуилович
Системный номер авторитетной/нормативной записи 2641153
Идентификатор авторитетной/нормативной записи RU\NLR\AUTH\770271969
702 #1 - ИМЯ ЛИЦА - ВТОРИЧНАЯ ОТВЕТСТВЕННОСТЬ
Начальный элемент ввода Абрамович
Часть имени, кроме начального элемента ввода Г.Н.
Расширение инициалов личного имени Генрих Наумович
Код отношения Редактор
801 #0 - ИСТОЧНИК ЗАПИСИ
Страна Российская Федерация
Организация NLR
Правила каталогизации psbo
801 #1 - ИСТОЧНИК ЗАПИСИ
Страна Российская Федерация
Организация ELAR
Источник данных rusmarc
852 ## - МЕСТОНАХОЖДЕНИЕ И ШИФР ХРАНЕНИЯ
Идентификатор организации NLR
Шифр хранения (Call Number) Мх02 Г-5/82
942 ## - ДОПОЛНИТЕЛЬНЫЕ ЭЛЕМЕНТЫ ЗАПИСИ (АБИС)
Тип экземпляра АБИС Книга
980 ## - КОЛЛЕКЦИЯ
Название коллекции Национальная библиография
Экземпляры
Тип экземпляра Дата поступления Библиотека постоянного хранения Библиотека текущего хранения Место хранения Шифр хранения Штрих-код Статус экземпляра
Книга 26.10.2013 РНБ (Садовая) РНБ (Садовая) Русский книжный фонд -Главное здание, Ленинский читальный зал Мх02 Г-5/82 8085690-10